Southville International School and Colleges
Your cart is empty.
  • Cart
  • Lists
    Public lists Eva Luna New books Lux_list list_1
    Your lists Log in to create your own lists
  • Log in to your account
  • Your cookies
  • Search history
Southville International School and Colleges
  • Advanced search
  • Recent comments
  • Most popular
  • Libraries

Log in to your account

Log in with GOOGLE


If you do not have an external account, but do have a local account, you can still log in:

  1. Home
  2. MARC view: Experiencing the art of theatre :
Normal view MARC view ISBD view

Experiencing the art of theatre : (Record no. 21492)

[ view plain ]
MARC details
000 -LEADER
fixed length control field 00682nam a2200229 a 4500
005 - DATE AND TIME OF LATEST TRANSACTION
control field 20140310183328.0
008 - FIXED-LENGTH DATA ELEMENTS--GENERAL INFORMATION
fixed length control field 060811s19uu xx 00 eng d
020 ## - INTERNATIONAL STANDARD BOOK NUMBER
International Standard Book Number 9780495001805
050 ## - LIBRARY OF CONGRESS CALL NUMBER
Classification number PN 2037
Item number .D759 2007
100 ## - MAIN ENTRY--PERSONAL NAME
Personal name Downs, William Missouri
245 ## - TITLE STATEMENT
Title Experiencing the art of theatre :
Remainder of title a concise introduction /
Statement of responsibility, etc William Missouri Downs.
260 ## - PUBLICATION, DISTRIBUTION, ETC. (IMPRINT)
Place of publication, distribution, etc Australia :
Name of publisher, distributor, etc Thomson Wadsworth,
Date of publication, distribution, etc 2007.
300 ## - PHYSICAL DESCRIPTION
Extent 399 p. :
Other physical details ill. col. ;
Dimensions 28 cm.
440 ## - SERIES STATEMENT/ADDED ENTRY--TITLE
Title Wadsworth Series in theatre.
521 ## - TARGET AUDIENCE NOTE
Target audience note
650 ## - SUBJECT ADDED ENTRY--TOPICAL TERM
Topical term or geographic name as entry element Theater.
650 ## - SUBJECT ADDED ENTRY--TOPICAL TERM
Topical term or geographic name as entry element Theater
General subdivision History.
700 ## - ADDED ENTRY--PERSONAL NAME
Personal name Wright, Lou Anne
700 ## - ADDED ENTRY--PERSONAL NAME
Personal name Ramsey, Erik
942 ## - ADDED ENTRY ELEMENTS (KOHA)
Koha item type Books
Source of classification or shelving scheme Library of Congress Classification
Call number prefix Foreign
Holdings
Withdrawn status Lost status Source of classification or shelving scheme Damaged status Home library Current library Shelving location Date acquired Source of acquisition Total Checkouts Full call number Barcode Date last seen Copy number Price effective from Koha item type
    Library of Congress Classification   College Library College Library General Circulation Section 08/11/2006 Donation   PN 2037 .D759 2007 C7426 05/15/2018 1 10/10/2013 Books

Experiencing the art of theatre :

APA

Downs W. M., Wright L. A. & Ramsey E. (2007). Experiencing the art of theatre. Australia: Thomson Wadsworth.

Chicago

Downs William Missouri, Wright Lou Anne and Ramsey Erik. 2007. Experiencing the art of theatre. Australia: Thomson Wadsworth.

Harvard

Downs W. M., Wright L. A. and Ramsey E. (2007). Experiencing the art of theatre. Australia: Thomson Wadsworth.

MLA

Downs William Missouri, Wright Lou Anne and Ramsey Erik. Experiencing the art of theatre. Australia: Thomson Wadsworth. 2007.

  • Place hold
  • Print
  • Cite
  • Add to your cart (remove)
  • Save record
    BIBTEX Dublin Core MARCXML MARC (non-Unicode/MARC-8) MARC (Unicode/UTF-8) MARC (Unicode/UTF-8, Standard) MODS (XML) RIS
  • More searches
    Search for this title in:
    Other Libraries (WorldCat) Other Databases (Google Scholar) Online Stores (Bookfinder.com) Open Library (openlibrary.org)

Exporting to Dublin Core...

SOUTHVILLE LIBRARY

Southville International School and Colleges Library

1281 Tropical Ave. Cor. Luxembourg St., BF Homes International, Las Pinas City

Tel. No. 8256374 / 252358 Loc. 117/146

Powered by Koha